[Event "Stockholm Cramling op"]
[Site "Stockholm"]
[Date "2018.09.02"]
[Round "5"]
[White "Olsson, Linn"]
[Black "Mirabdulla, Zulfiya"]
[Result "1-0"]
[WhiteElo "1703"]
[BlackElo "1350"]
[PlyCount "46"]
[EventDate "2018.09.01"]
[EventType "swiss"]
[EventRounds "7"]
[EventCountry "SWE"]
[SourceTitle "CBM 186 Extra"]
[Source "ChessBase"]
[SourceDate "2018.08.24"]
[SourceVersion "1"]
[SourceVersionDate "2018.08.24"]
[SourceQuality "1"]

1. d4 d5 2. c4 dxc4 3. Nc3 Nf6 4. Nf3 e6 5. Bg5 Be7 6. e3 b6 7. Bxc4 Bb7 8. 0-0 0-0 9. Rc1 Nc6 10. a3 a6 11. Bd3 Re8 12. Re1 Qd6 13. Bf4 Qd7 14. h3 Nh5 15. Bh2 Bd6 16. Ne5 Bxe5 17. dxe5 g6 18. Ne4 Qd5 19. g4 f5 20. gxh5 fxe4 21. Be2 Nxe5 22. Qxd5 exd5 23. Rxc7 Bc8 1-0